| 000 | 00481nam a2200169 a 4500 | ||
|---|---|---|---|
| 001 | 2997 | ||
| 003 | CO-ViMGA | ||
| 008 | 141112s2004 ck r 000 u spa d | ||
| 040 |
_aCO-ViMGA _bspa _cCO-ViMGA |
||
| 082 | 0 | 4 | _a694.2028 P712 |
| 245 | 1 | 0 |
_aPrácticas de la madera : _bprimer grado, primer curso |
| 260 |
_aBarcelona : _bCeac, _c1976 |
||
| 300 | _a141 p : il | ||
| 490 | _aLibros Ceac de formación profesional | ||
| 650 | 1 | 4 |
_aCARPINTERIA - TECNICAS _952270 |
| 942 |
_2ddc _cBK |
||
| 999 |
_c15059 _d15059 |
||